000 00861nam a2200229 i 4500
001 186908
003 ES-MaACL
005 20250808022553.0
008 170228s1933 sp |||| | spa d
100 1 _aManacorda, Telmo.
_9161905
245 1 0 _aFructuoso Rivera, el perpetuo defensor de la República Oriental /
_cpor Telmo Manacorda.
250 _a1ª ed.
260 _aMadrid :
_bEspasa-Calpe,
_c1933.
300 _a259 p., [4] p. de lám. ;
_c18 cm.
490 1 _aVidas españolas e hispanoamericanas del siglo XIX ;
_v36
600 1 4 _aRivera, Fructuoso.
_9161904
651 4 _aUruguay-
_xHistoria-
_y1811-1830, Guerra de la Independencia.
_9168985
651 4 _aUruguay-
_xHistoria-
_y1830-1875.
_9155586
830 0 0 _aVidas españolas e hispanoamericanas del siglo XIX
_v36
_9192640
852 _aES-MaACL
_jC-23245
999 _c186908
_d186908